000 00721nam a22002417a 4500
001 3661
003 FISKH
005 20260202101341.0
008 240403b cb ||||| |||| 00| 0 eng d
040 _aFISK
_beng
_cFISK
_dFISK
050 _aPS3569.P546
082 _a813.54
100 _aSpinelli Jerry
_d1941-
245 _aKnots in my yo-yo string /
_cJerry Spinelli
260 _aNew York :
_bScholastic,
_c1999
300 _a148 pages :
_c20 cm
505 _aU
520 _aThis Italian-American Newbery Medalist presents a humorous account of his childhood and youth in Norristown, Pennsylvania.
521 8 _a980
_bLexile
700 _aJerry Spinelli
942 _2ddc
_cBK
_n0
999 _c3661
_d3661